[Event "Rowy Jantar op-B 11th"]
[Site "Rowy"]
[Date "2002.06.14"]
[Round "7"]
[White "Gonka, Adam"]
[Black "Langer, Karl Heinz"]
[Result "1/2-1/2"]
[WhiteElo "1800"]
[BlackElo "1642"]
[PlyCount "55"]
[EventDate "2002.06.??"]
[EventType "swiss"]
[EventRounds "8"]
[EventCountry "POL"]
[SourceTitle "EXT 2006"]
[Source "ChessBase"]
[SourceDate "2005.11.24"]
[SourceVersion "1"]
[SourceVersionDate "2005.11.24"]
[SourceQuality "1"]

1. e4 c6 2. d4 d5 3. e5 Bf5 4. g4 Bg6 5. h4 h6 6. Bd3 Bxd3 7. Qxd3 e6 8. f4 Qb6 9. c3 Nd7 10. Nf3 c5 11. a3 cxd4 12. cxd4 Rc8 13. Nc3 Ne7 14. h5 Nc6 15. f5 Na5 16. fxe6 Qxe6 17. Qf5 Nb3 18. Qxe6+ fxe6 19. Rb1 Bxa3 20. Bd2 Nxd2 21. Kxd2 Bb4 22. Kd3 0-0 23. Rbf1 Rf7 24. Nxd5 exd5 25. e6 Rxf3+ 26. Rxf3 Nf6 27. Rg1 Rc6 28. g5 1/2-1/2

[Event "Rowy Jantar op-B 11th"]
[Site "Rowy"]
[Date "2002.06.13"]
[Round "6"]
[White "Plicner, Justyna"]
[Black "Gonka, Adam"]
[Result "1-0"]
[WhiteElo "1600"]
[BlackElo "1800"]
[PlyCount "60"]
[EventDate "2002.06.??"]
[EventType "swiss"]
[EventRounds "8"]
[EventCountry "POL"]
[SourceTitle "EXT 2006"]
[Source "ChessBase"]
[SourceDate "2005.11.24"]
[SourceVersion "1"]
[SourceVersionDate "2005.11.24"]
[SourceQuality "1"]

1. d4 d5 2. Nf3 e6 3. Bf4 Bd6 4. Bxd6 Qxd6 5. Nbd2 c5 6. c3 Nc6 7. e3 Nf6 8. Bd3 c4 9. Bc2 b5 10. e4 Qe7 11. 0-0 0-0 12. Re1 Qc7 13. e5 Ne8 14. Ng5 g6 15. Re3 h6 16. Nh3 Ng7 17. Nf4 Nf5 18. Rh3 Kh7 19. g4 Ng7 20. g5 Rh8 21. Nh5 Nxh5 22. Rxh5 Kg7 23. gxh6+ Rxh6 24. Rxh6 Kxh6 25. Qg4 Qe7 26. Re1 Bd7 27. Re3 Rh8 28. Rg3 Be8 29. Nf3 Kg7 30. h4 Rh5 1-0

[Event "Rowy Jantar op-B 11th"]
[Site "Rowy"]
[Date "2002.06.10"]
[Round "3"]
[White "Goslawska, Cecylia"]
[Black "Gonka, Adam"]
[Result "0-1"]
[WhiteElo "1600"]
[BlackElo "1800"]
[PlyCount "42"]
[EventDate "2002.06.??"]
[EventType "swiss"]
[EventRounds "8"]
[EventCountry "POL"]
[SourceTitle "EXT 2006"]
[Source "ChessBase"]
[SourceDate "2005.11.24"]
[SourceVersion "1"]
[SourceVersionDate "2005.11.24"]
[SourceQuality "1"]

1. e4 e5 2. Nf3 Nc6 3. Nc3 Nf6 4. Bc4 Bb4 5. h3 d6 6. d3 Na5 7. Bb3 Nxb3 8. axb3 a6 9. Bg5 h6 10. Bh4 c6 11. 0-0 g5 12. Bg3 Nh5 13. Bh2 g4 14. Nd2 Qg5 15. hxg4 Bxg4 16. Nf3 Qf6 17. Kh1 Rg8 18. Qe2 Nf4 19. Bxf4 Qxf4 20. Nd1 Rg5 21. Ne3 Rh5+ 0-1